000 01008nam a22002777a 4500
001 BR7700515
003 BR-BrBNA
005 20230928085150.0
007 ta
008 230509b bl.||||| |||| 00| 0 por d
040 _aBR-BrBNA
_bpor
_cBiblioteca Nacional de Agricultura
041 _a(Por)
072 _aL72
_b5240
_b4060
090 _ 5240 BR7700515
100 1 _aPonsati, T.S.
110 1 _aUniversidade Federal do Rio Grande do Sul, Porto Alegre (Brasil). Faculdade de Veterinaria
_0Tese (Mestrado)
_911169
245 1 _aComparacoes entre a contagem de ovos por grama de fezes, de amostras individuais e da mistura das mesmas, no diagnostico das helmintoses gastrointestinais em cordeiros
260 3 _aPorto Alegre, RS (Brasil):
_c1976.
300 _a11 p.
500 _a7 ref. (*) Documento disponível na(o) UFRGS, Porto Alegre (Brazil). Faculdade de Veterinaria
650 _aCarneiro
650 _aVerminose
650 _aFezes
909 _a202309
_bLucia
_c55
_dLucia Elande
942 _cBK
999 _c23095
_d23095